[Event "Hastings Masters 2025-26"]
[Site "Hastings ENG"]
[Date "2026.01.02"]
[Round "9.4"]
[White "Kaasen, Tor Fredrik"]
[Black "Plat, Vojtech"]
[Result "1/2-1/2"]
[WhiteTitle "IM"]
[BlackTitle "GM"]
[WhiteElo "2471"]
[BlackElo "2461"]
[WhiteFideId "1516647"]
[BlackFideId "325740"]
[EventDate "2025.12.28"]

1. d4 Nf6 2. c4 g6 3. Nc3 d5 4. cxd5 Nxd5 5. e4 Nxc3 6. bxc3 Bg7 7. Nf3 c5 8.
Bb5+ Nc6 9. O-O cxd4 10. cxd4 O-O 11. Bxc6 bxc6 12. Qc2 Ba6 13. Rd1 c5 14. Bb2
Rb8 15. Bc3 Qc7 16. d5 Bxc3 17. Qxc3 Be2 1/2-1/2

[Event "Hastings Masters 2025-26"]
[Site "Hastings ENG"]
[Date "2026.01.02"]
[Round "9.5"]
[White "Vaidyanathan, Adithya"]
[Black "Gordon, Stephen J"]
[Result "1/2-1/2"]
[BlackTitle "GM"]
[WhiteElo "2189"]
[BlackElo "2465"]
[WhiteFideId "495450"]
[BlackFideId "411477"]
[EventDate "2025.12.28"]

1. c4 e6 2. Nc3 Bb4 3. e4 c5 4. g3 Nc6 5. Bg2 Nd4 6. Nge2 Nxe2 7. Nxe2 Ne7 8.
O-O O-O 9. a3 Ba5 10. d4 cxd4 11. b4 Bc7 12. Nxd4 a6 13. Bb2 d6 14. Rc1 e5 15.
Ne2 Be6 16. Qd3 a5 17. Rfd1 axb4 18. axb4 Qb8 19. f4 Bg4 20. Bf3 Bxf3 21. Qxf3
b5 22. fxe5 bxc4 23. Rxc4 dxe5 24. Kg2 Bb6 25. Rd7 Ra7 26. Rxa7 Bxa7 27. Qc3 Qb6
28. Rc5 Qf6 29. Qxe5 Bxc5 30. Qxf6 gxf6 31. bxc5 f5 32. Kf3 1/2-1/2

[Event "Hastings Masters 2025-26"]
[Site "Hastings ENG"]
[Date "2026.01.02"]
[Round "9.6"]
[White "Gormally, Daniel W"]
[Black "Ghimpu, Samuel-Timotei"]
[Result "0-1"]
[WhiteTitle "GM"]
[BlackTitle "IM"]
[WhiteElo "2396"]
[BlackElo "2428"]
[WhiteFideId "406465"]
[BlackFideId "1238175"]
[EventDate "2025.12.28"]

1. d4 Nf6 2. Nf3 d5 3. c4 e6 4. g3 dxc4 5. Bg2 Nbd7 6. O-O c6 7. a4 a5 8. Qc2 b5
9. Nc3 b4 10. Ne4 Ba6 11. Nxf6+ gxf6 12. e4 b3 13. Qc3 Bb4 14. Qe3 Qc7 15. Bd2
c5 16. d5 O-O-O 17. Bc3 exd5 18. exd5 Rhe8 19. Qc1 Re2 20. Rd1 Bxc3 21. Qxc3 Rc2
22. d6 Qb6 23. Qe3 Rxb2 24. Rac1 Qb4 25. Nh4 Ne5 26. Rd5 Kb8 27. Rxe5 fxe5 28.
Qxe5 Rc2 29. Rd1 Bb7 30. Bxb7 Qxb7 31. d7+ Ka7 32. Nf5 b2 33. Nd6 Rxd7 34. Qxc5+
Ka6 0-1

[Event "Hastings Masters 2025-26"]
[Site "Hastings ENG"]
[Date "2026.01.02"]
[Round "9.7"]
[White "Adams, Henry"]
[Black "Laurent-Paoli, Pierre"]
[Result "0-1"]
[BlackTitle "GM"]
[WhiteElo "2159"]
[BlackElo "2539"]
[WhiteFideId "464562"]
[BlackFideId "26017962"]
[EventDate "2025.12.28"]

1. d4 d5 2. c4 e6 3. Nf3 Nf6 4. g3 Bb4+ 5. Nbd2 dxc4 6. Bg2 b5 7. a4 c6 8. Qc2
Bb7 9. O-O Nbd7 10. e4 O-O 11. e5 Nd5 12. Ne4 h6 13. g4 c5 14. axb5 cxd4 15.
Qxc4 Rc8 16. Qxd4 Nc5 17. Ned2 a6 18. g5 hxg5 19. Qg4 Nf4 20. Nxg5 Bxg2 21. Qxf4
Bxd2 22. Bxd2 Bxf1 23. Rxf1 Qd3 24. bxa6 Nxa6 25. Ra1 Rc4 26. Qe3 Rg4+ 27. Kh1
Nc5 28. f3 Rh4 29. Qxd3 Nxd3 30. Ra5 Rd8 31. Kg2 Nxe5 32. Be1 Nc4 33. Ra7 Rh5
34. h4 Ne3+ 35. Kh3 Nf5 36. Kg4 g6 37. Nxf7 Rd4+ 38. f4 Rh7 39. Bc3 Rxf7 40.
Bxd4 Nxd4 41. Ra6 Rd7 42. h5 gxh5+ 43. Kxh5 Kf7 44. Kg4 Kf6 0-1

[Event "Hastings Masters 2025-26"]
[Site "Hastings ENG"]
[Date "2026.01.02"]
[Round "9.8"]
[White "Sulskis, Sarunas"]
[Black "Grutter, Tim"]
[Result "1/2-1/2"]
[WhiteTitle "GM"]
[BlackTitle "IM"]
[WhiteElo "2475"]
[BlackElo "2397"]
[WhiteFideId "12800112"]
[BlackFideId "1057472"]
[EventDate "2025.12.28"]

1. e4 e5 2. Nf3 Nc6 3. Bc4 Nf6 4. d4 exd4 5. e5 d5 6. Bb5 Nd7 7. O-O Be7 8. Bxc6
bxc6 9. Nxd4 Nb8 10. Nc3 O-O 11. Qf3 a5 12. Rd1 Ra6 13. Nf5 Bxf5 14. Qxf5 Qd7
15. Qd3 Qe6 16. f4 f6 17. Re1 fxe5 18. Rxe5 Qf6 19. Bd2 Bd6 20. Rh5 g6 21. Rh3
Rb6 22. Na4 Rb5 23. Rf1 Nd7 24. c4 Bc5+ 25. Be3 Bxe3+ 26. Rxe3 Rb4 27. b3 Nb6
28. Nxb6 cxb6 29. a3 dxc4 30. Qe4 Rb5 31. Qxc4+ Qf7 32. Rc1 Qxc4 33. Rxc4 Rf6
34. Rec3 Rbf5 35. g3 c5 36. Rd3 g5 37. fxg5 Rxg5 38. Re4 Rgg6 39. Re7 Rd6 40.
Rxd6 Rxd6 41. Rb7 Rc6 42. Kf2 c4 43. bxc4 Rxc4 44. Rb8+ Kg7 45. Rb7+ Kg8 46.
Rxb6 Rc3 47. a4 Rc4 48. h4 Rxa4 49. Ra6 Kg7 50. h5 h6 51. Kf3 Kh7 52. Ra7+ Kg8
53. g4 Kh8 54. Kg3 Kg8 55. Ra8+ Kg7 56. Ra7+ Kg8 57. Kf3 1/2-1/2

[Event "Hastings Masters 2025-26"]
[Site "Hastings ENG"]
[Date "2026.01.02"]
[Round "9.9"]
[White "Kuru, Atilla"]
[Black "Saunders, Aron"]
[Result "1-0"]
[WhiteTitle "IM"]
[WhiteElo "2449"]
[BlackElo "2201"]
[WhiteFideId "51607948"]
[BlackFideId "469343"]
[EventDate "2025.12.28"]

1. c4 c6 2. Nf3 Nf6 3. Nc3 d5 4. e3 e6 5. b3 Bd6 6. Bb2 O-O 7. Be2 a6 8. d4 Nbd7
9. Qc2 b5 10. O-O Bb7 11. Rfd1 Qe7 12. e4 b4 13. e5 bxc3 14. exd6 Qxd6 15. Bxc3
Ne4 16. Bb2 a5 17. Bd3 f5 18. Qc1 Qb8 19. Ng5 Rf6 20. Nh3 Rh6 21. f3 Nd6 22. a4
Ba6 23. Rb1 Nf7 24. Bc3 Qb6 25. Kh1 Rf6 26. Re1 Qc7 27. Qf4 Qxf4 28. Nxf4 Nf8
29. Bxa5 g5 30. Nh5 Rh6 31. g4 dxc4 32. bxc4 Bxc4 33. Bxc4 Rxa5 34. Rb8 Rxa4 35.
Bxe6 Rxd4 36. Bb3 Rxh5 37. Ree8 1-0

[Event "Hastings Masters 2025-26"]
[Site "Hastings ENG"]
[Date "2026.01.02"]
[Round "9.10"]
[White "Wang, Hao(ZJ)"]
[Black "Verbytski, Oleg"]
[Result "1-0"]
[WhiteTitle "IM"]
[WhiteElo "2426"]
[BlackElo "2039"]
[WhiteFideId "8631859"]
[BlackFideId "495506"]
[EventDate "2025.12.28"]

1. Nf3 d5 2. c4 e6 3. g3 Nf6 4. Bg2 Be7 5. O-O O-O 6. b3 d4 7. e3 c5 8. exd4
cxd4 9. Bb2 Nc6 10. Re1 Re8 11. Qe2 a5 12. Na3 e5 13. d3 Bb4 14. Nd2 Bg4 15. f3
Bf5 16. Nb5 Nd7 17. Red1 Bg6 18. Ne4 f5 19. Nf2 Bf7 20. a3 Bf8 21. Re1 g6 22.
Qc2 Nc5 23. Rad1 Bg7 24. Bc1 Ne6 25. f4 exf4 26. gxf4 Qd7 27. Bd2 Bf8 28. Rb1
Nc7 29. Nh3 Nxb5 30. cxb5 Ne7 31. Ng5 Bd5 32. b4 Rac8 33. Qa4 Bxg2 34. Kxg2 axb4
35. Qxb4 Qd5+ 36. Nf3 Rc2 37. Kg3 Kh8 38. Re5 Qa2 39. Rbe1 Nc6 40. bxc6 Bxb4 41.
Rxe8+ Kg7 42. Bxb4 bxc6 43. R1e7+ Kh6 44. Rh8 g5 45. Rhxh7+ Kg6 46. Ne5+ Kf6 47.
Rh6# 1-0

[Event "Hastings Masters 2025-26"]
[Site "Hastings ENG"]
[Date "2026.01.02"]
[Round "9.11"]
[White "Liu, Yiyi"]
[Black "Mazur, Stefan"]
[Result "1/2-1/2"]
[BlackTitle "IM"]
[WhiteElo "1791"]
[BlackElo "2392"]
[WhiteFideId "8617171"]
[BlackFideId "14909332"]
[EventDate "2025.12.28"]

1. d4 Nf6 2. c4 g6 3. Nc3 Bg7 4. e4 d6 5. Nf3 O-O 6. Be2 Nbd7 7. O-O e5 8. Rb1
c6 9. d5 c5 10. a3 a5 11. Ne1 b6 12. Nd3 Ba6 13. b3 a4 14. Bf3 axb3 15. Qxb3 Ne8
16. Nb5 f5 17. Bd2 Qh4 18. g3 Qh3 19. Bg2 Qh5 20. Rbe1 f4 21. gxf4 Bh6 22. f3
Bxb5 23. cxb5 Bxf4 24. Nxf4 exf4 25. a4 Ne5 26. Ra1 g5 27. h3 Nf6 28. a5 Nxe4
29. fxe4 f3 30. Qe3 fxg2 31. Kxg2 Rf4 32. axb6 Raf8 33. b7 Qf7 34. Rxf4 gxf4 35.
Qxf4 Qxb7 36. Qg5+ Kh8 37. Kh1 Qxb5 38. Bc3 Rf1+ 39. Rxf1 Qxf1+ 40. Kh2 Qf2+ 41.
Qg2 Qf6 42. Qg3 c4 43. Kg2 h5 44. Bxe5 dxe5 45. Qf3 Qg5+ 46. Kf2 Kg7 47. Ke2 h4
48. d6 Qg6 49. d7 Qd6 50. Qf5 Qd3+ 51. Kf2 Qg3+ 52. Ke2 Qd3+ 53. Kf2 Qg3+ 54.
Ke2 Qd3+ 1/2-1/2

[Event "Hastings Masters 2025-26"]
[Site "Hastings ENG"]
[Date "2026.01.02"]
[Round "9.12"]
[White "White, Stuart A"]
[Black "Skytte, Rasmus"]
[Result "0-1"]
[BlackTitle "IM"]
[WhiteElo "2072"]
[BlackElo "2354"]
[WhiteFideId "407747"]
[BlackFideId "1404210"]
[EventDate "2025.12.28"]

1. c4 Nf6 2. g3 g6 3. Bg2 Bg7 4. Nc3 d6 5. d4 O-O 6. h3 c5 7. e3 Nc6 8. Nge2
cxd4 9. exd4 e5 10. Be3 exd4 11. Nxd4 Nxd4 12. Bxd4 Re8+ 13. Kf1 Bd7 14. Qd2 Qc8
15. b3 Bc6 16. Rd1 Qf5 17. Kg1 Qh5 18. Qf4 Re6 19. Bxc6 bxc6 20. Kg2 Rae8 21.
Qf3 Qxf3+ 22. Kxf3 a5 23. Rd2 a4 24. Re2 axb3 25. axb3 Rxe2 26. Nxe2 Ne4 27. Be3
Nc5 28. Rd1 Nxb3 29. Rxd6 Na5 30. c5 Nc4 31. Rd1 Nxe3 32. fxe3 Bf8 33. Nd4 Bxc5
34. Rc1 Bxd4 35. exd4 Re6 36. Rc5 Rd6 37. h4 Kf8 38. Ke4 Ke7 39. h5 Re6+ 40. Kf4
Rf6+ 41. Ke4 Kd6 42. hxg6 hxg6 43. g4 Rf1 44. g5 Re1+ 45. Kf4 Rb1 46. Ra5 Rb5
47. Ra7 Rf5+ 48. Kg4 Kd5 49. Rd7+ Kc4 50. Rd6 Kb5 51. Rd7 Kb6 52. Re7 Ka6 53.
Rc7 Kb5 54. Rd7 Kb6 55. Re7 f6 56. gxf6 Rxf6 57. Rd7 Rf5 58. Rd6 Rd5 59. Rxg6
Rxd4+ 60. Kf3 Kb5 61. Ke3 Rd1 62. Ke2 Rd5 63. Rg1 c5 64. Rb1+ Ka4 65. Ke3 c4 66.
Ke4 Rd8 67. Rb7 c3 68. Rc7 Kb3 69. Rb7+ Ka3 70. Rc7 Kb2 71. Rb7+ Kc1 72. Rc7 c2
73. Ke3 Kd1 0-1

[Event "Hastings Masters 2025-26"]
[Site "Hastings ENG"]
[Date "2026.01.02"]
[Round "9.13"]
[White "Badacsonyi, Stanley"]
[Black "Yoon, Jacob D"]
[Result "1-0"]
[WhiteTitle "FM"]
[BlackTitle "CM"]
[WhiteElo "2317"]
[BlackElo "2165"]
[WhiteFideId "486973"]
[BlackFideId "446076"]
[EventDate "2025.12.28"]

1. d4 Nf6 2. c4 e6 3. g3 c5 4. d5 exd5 5. cxd5 d6 6. Nc3 g6 7. Bg2 Bg7 8. Nf3
O-O 9. O-O Re8 10. Bf4 Bf5 11. Nh4 Bc8 12. h3 Nh5 13. Bd2 Nd7 14. e4 Ne5 15. Qe2
a6 16. a4 Rb8 17. Kh2 Bf6 18. Nf3 Nxf3+ 19. Bxf3 Ng7 20. Bg2 Nf5 21. f4 Nd4 22.
Qf2 Bg7 23. Rae1 b5 24. axb5 axb5 25. e5 Bf5 26. Ne4 Bxe4 27. Bxe4 f5 28. Bg2
dxe5 29. fxe5 Bxe5 30. b4 Qd6 31. Rxe5 Qxe5 32. bxc5 Ne2 33. Re1 Ra8 34. Bf4 Qc3
35. Rxe2 Rxe2 36. Qxe2 Qxc5 37. Qe6+ Kg7 38. Be5+ Kh6 39. Qf6 1-0

[Event "Hastings Masters 2025-26"]
[Site "Hastings ENG"]
[Date "2026.01.02"]
[Round "9.14"]
[White "Hill, Alistair"]
[Black "Balaji, Aaravamudhan"]
[Result "1/2-1/2"]
[BlackTitle "IM"]
[WhiteElo "2104"]
[BlackElo "2270"]
[WhiteFideId "432407"]
[BlackFideId "436224"]
[EventDate "2025.12.28"]

1. d4 Nf6 2. Nf3 g6 3. c4 Bg7 4. Nc3 O-O 5. e4 d6 6. Be2 Nbd7 7. O-O e5 8. Qc2
c6 9. Rd1 Qe7 10. d5 c5 11. a3 Kh8 12. b4 b6 13. Ne1 Ng8 14. Nd3 f5 15. f3 Ndf6
16. a4 a5 17. bxc5 bxc5 18. g3 Nh6 19. Rb1 Nf7 20. Nf2 Nh5 21. exf5 gxf5 22. f4
Nf6 23. Re1 Bd7 24. Nb5 exf4 25. Bxf4 Ne4 26. Bd3 Ne5 27. Bxe5 Bxe5 28. Nxe4
fxe4 29. Bxe4 Bg4 30. Rf1 Qg5 31. Qd3 Qh5 32. Rxf8+ Rxf8 33. Rf1 Rxf1+ 34. Qxf1
Kg8 35. Qe1 Qg5 36. Nc7 Bd4+ 37. Kg2 Qh5 38. Ne6 Bh3+ 1/2-1/2

[Event "Hastings Masters 2025-26"]
[Site "Hastings ENG"]
[Date "2026.01.02"]
[Round "9.15"]
[White "Rida, Ruqayyah"]
[Black "Southcott-Moyers, Indy"]
[Result "1/2-1/2"]
[WhiteTitle "WFM"]
[BlackTitle "FM"]
[WhiteElo "2068"]
[BlackElo "2266"]
[WhiteFideId "343272375"]
[BlackFideId "488542"]
[EventDate "2025.12.28"]

1. e4 e5 2. Nf3 Nc6 3. Bc4 Bc5 4. O-O Nf6 5. d3 d6 6. c3 a5 7. Bb3 Ba7 8. Re1
O-O 9. Nbd2 Ng4 10. Re2 Ne7 11. h3 Nf6 12. Nf1 Ng6 13. d4 Nh5 14. Ng3 Nhf4 15.
Bxf4 Nxf4 16. Rd2 Qf6 17. Nh2 g6 18. Qf3 Qg5 19. Rad1 Kg7 20. Kh1 h5 21. Ne2 Ne6
22. Qg3 Qxg3 23. Nxg3 f6 24. Nf3 Nf4 25. Ne2 Ne6 26. a4 Re8 27. Ng3 Re7 28. Nf1
Nf4 29. Bc2 Be6 30. Ne3 Bg8 31. Kh2 Ne6 32. Nd5 Ree8 33. g3 Bf7 34. Kg2 Bb8 35.
Ne1 Ba7 36. Nf3 Rac8 37. Ne3 Nd8 38. dxe5 fxe5 39. Nd5 Ne6 40. h4 Bg8 1/2-1/2

[Event "Hastings Masters 2025-26"]
[Site "Hastings ENG"]
[Date "2026.01.02"]
[Round "9.16"]
[White "Tudoroiu, Razvan-Catalin"]
[Black "Hobson, Kenneth"]
[Result "0-1"]
[BlackTitle "FM"]
[WhiteElo "2063"]
[BlackElo "2264"]
[WhiteFideId "1281100"]
[BlackFideId "480819"]
[EventDate "2025.12.28"]

1. d4 Nf6 2. c4 e6 3. Nf3 d5 4. Nc3 Bb4 5. cxd5 exd5 6. Bg5 h6 7. Bh4 Nbd7 8.
Qc2 g5 9. Bg3 Ne4 10. Nd2 Nxg3 11. hxg3 Nb6 12. a3 Bf8 13. e4 dxe4 14. Qxe4+ Qe7
15. O-O-O Qxe4 16. Ndxe4 Bg7 17. Bb5+ c6 18. Nd6+ Ke7 19. Nxc8+ Raxc8 20. Rhe1+
Kf8 21. Be2 Rd8 22. Ne4 Bxd4 23. Nc5 Rd5 24. Nxb7 Bxf2 25. Bf3 Bxe1 26. Bxd5
Nxd5 27. Rxe1 Kg7 28. Nd6 h5 29. Re4 Rd8 30. Nb7 Rb8 31. Nd6 Kg6 32. Rc4 Rb3 33.
Rxc6 f6 34. Ne4 Kf5 35. Rc4 Ne3 36. Ra4 Nxg2 37. Nc3 Rb7 38. Nd5 Rd7 39. Ra5 Kg6
40. Rc5 h4 41. gxh4 gxh4 42. Nc3 h3 43. Ne4 h2 44. Nf2 Ne3 45. Rc3 h1=Q+ 0-1

[Event "Hastings Masters 2025-26"]
[Site "Hastings ENG"]
[Date "2026.01.02"]
[Round "9.17"]
[White "Skytte, Robert"]
[Black "Demac, Elias"]
[Result "0-1"]
[WhiteTitle "CM"]
[WhiteElo "2050"]
[BlackElo "2230"]
[WhiteFideId "1471775"]
[BlackFideId "1505807"]
[EventDate "2025.12.28"]

1. e4 c6 2. d4 d5 3. Nd2 dxe4 4. Nxe4 Nf6 5. Nxf6+ exf6 6. Bd3 Bd6 7. Qh5 g6 8.
Qh6 Bf8 9. Qe3+ Qe7 10. Qxe7+ Bxe7 11. Bf4 O-O 12. O-O-O Be6 13. Kb1 Nd7 14. Ne2
Nb6 15. Rhe1 Nd5 16. c3 b5 17. Bh6 Rfd8 18. Nf4 Nxf4 19. Bxf4 g5 20. Bg3 Rd7 21.
f3 Kg7 22. Rd2 a5 23. Be4 Rc8 24. f4 f5 25. Bc2 g4 26. Bf2 Bf6 27. Red1 Kg6 28.
h3 h5 29. hxg4 hxg4 30. Rh1 Bd5 31. Rh2 Re7 32. b3 b4 33. c4 Be4 34. Bh4 Bxh4
35. Rxh4 Rd8 36. g3 Bxc2+ 37. Kxc2 Re3 38. Rdh2 Rc3+ 39. Kb2 Rxg3 40. Rh7 Rg2+
41. Rxg2 Kxh7 42. Rd2 Kh6 43. Kc2 g3 44. Rg2 Rg8 45. Kd3 Kh5 46. d5 c5 0-1

[Event "Hastings Masters 2025-26"]
[Site "Hastings ENG"]
[Date "2026.01.02"]
[Round "9.18"]
[White "Kilambi, Venkata Ananth Akshay"]
[Black "Sivanandan, Bodhana"]
[Result "0-1"]
[BlackTitle "WIM"]
[WhiteElo "2038"]
[BlackElo "2229"]
[WhiteFideId "489395"]
[BlackFideId "497592"]
[EventDate "2025.12.28"]

1. Nf3 d5 2. e3 Nf6 3. c4 c6 4. Nc3 e6 5. b3 Bd6 6. Bb2 O-O 7. d4 Nbd7 8. Be2 b6
9. O-O Bb7 10. Qc2 Rc8 11. Rad1 Qe7 12. Rfe1 Bb4 13. a3 Bxc3 14. Bxc3 c5 15.
dxc5 Nxc5 16. Qb2 Rfd8 17. Bd4 Nce4 18. Ne5 Nd6 19. Rc1 Nf5 20. Bc3 Ne4 21. Bb4
Qf6 22. f3 Nc5 23. Bf1 Nxb3 24. Bc3 Nxc1 25. Nc6 d4 26. Bxd4 Nxd4 27. Nxd8 Nxf3+
28. gxf3 Qxb2 29. Nxb7 Qd2 0-1

[Event "Hastings Masters 2025-26"]
[Site "Hastings ENG"]
[Date "2026.01.02"]
[Round "9.19"]
[White "Martin, Nils"]
[Black "Blanquet, Camille"]
[Result "0-1"]
[WhiteTitle "FM"]
[BlackTitle "WFM"]
[WhiteElo "2222"]
[BlackElo "2132"]
[WhiteFideId "45160473"]
[BlackFideId "36037354"]
[EventDate "2025.12.28"]

1. e4 c5 2. Nf3 Nc6 3. d4 cxd4 4. Nxd4 Nf6 5. Nc3 d6 6. Bg5 e6 7. Qd2 a6 8.
O-O-O Bd7 9. Nb3 b5 10. a3 Be7 11. f4 h6 12. Bxf6 gxf6 13. Nd4 Qb6 14. Nxc6 Bxc6
15. f5 a5 16. Qd4 Rb8 17. Qxb6 Rxb6 18. Rd4 b4 19. axb4 axb4 20. Na2 d5 21. exd5
Bxd5 22. Bc4 Bc5 23. Rxd5 exd5 24. Re1+ Kf8 25. Bxd5 Kg7 26. Kb1 Rd8 27. Bf3 Bd6
28. h3 b3 29. cxb3 Rxb3 30. Nc1 Rb5 31. Bg4 Bf4 32. Re4 Be5 33. Re2 Rd1 34. Rc2
Rd7 35. Re2 Rd4 36. Rc2 Rb6 37. Re2 Rbd6 38. Bf3 Rf4 39. Bg4 Rf1 40. Rc2 Bf4 41.
Be2 Rg1 42. Bf3 Rd2 43. Rc4 Be3 44. Rc3 Bf4 45. Rc4 Be5 46. Rc2 Rd6 47. Ka2 Re1
48. Ne2 Ra6+ 49. Kb3 Rb1 50. Nc3 Rb6+ 51. Ka2 Re1 52. Nd5 Ra6+ 53. Kb3 Rea1 54.
Kc4 Rc6+ 55. Kb3 Rxc2 56. Kxc2 Ra2 57. Nc3 Bxc3 58. Kxc3 Ra5 59. Bg4 Kf8 60. b4
Re5 61. Kc4 Ke7 62. b5 Kd6 63. Kb4 Re4+ 64. Ka5 Kc5 65. Bf3 Re1 66. Ka6 Ra1+ 67.
Kb7 Kxb5 68. Kc7 Kc5 69. Kd7 Ra7+ 70. Ke8 Kd6 71. Kf8 Ke5 72. Kg7 Kxf5 73. Kxh6
Ke5 74. h4 Ke6 75. h5 Ra5 76. Kg7 Ke7 77. h6 Rg5+ 78. Kh7 f5 79. Kh8 Kf6 80. h7
Rg3 81. Bd5 Rg4 82. Bc6 Rb4 83. Be8 Rb8 0-1

[Event "Hastings Masters 2025-26"]
[Site "Hastings ENG"]
[Date "2026.01.02"]
[Round "9.20"]
[White "Bryant, Harry"]
[Black "Verbin, Valentina"]
[Result "0-1"]
[WhiteTitle "CM"]
[BlackTitle "WFM"]
[WhiteElo "2207"]
[BlackElo "2122"]
[WhiteFideId "489158"]
[BlackFideId "13905910"]
[EventDate "2025.12.28"]

1. e4 c5 2. Nf3 e6 3. d4 cxd4 4. Nxd4 a6 5. Bd3 Bc5 6. Nb3 Ba7 7. Bf4 Ne7 8. Nc3
O-O 9. Bd6 Qb6 10. Bc5 Qd8 11. Bd6 Qb6 12. Bc5 Qd8 13. Bxa7 Rxa7 14. Qe2 d6 15.
O-O-O Nbc6 16. f4 Qc7 17. h4 b5 18. h5 b4 19. h6 g6 20. Na4 Bd7 21. Qf2 Nc8 22.
e5 N6e7 23. exd6 Nxd6 24. Nac5 Bc8 25. g4 a5 26. Qd4 f6 27. f5 Nc6 28. Qe3 exf5
29. Ne6 Bxe6 30. Qxe6+ Kh8 31. gxf5 a4 32. fxg6 hxg6 33. Nc5 Ne5 34. Ne4 Nxe4
35. Bxe4 b3 36. axb3 axb3 37. Qxb3 Nc4 38. Kb1 Rb8 39. Rd8+ Rxd8 40. Qc3 Nd2+ 0-1

[Event "Hastings Masters 2025-26"]
[Site "Hastings ENG"]
[Date "2026.01.02"]
[Round "9.22"]
[White "Lee, Younggyu"]
[Black "Oh, Sejun"]
[Result "1-0"]
[WhiteElo "1892"]
[BlackElo "1695"]
[WhiteFideId "13227378"]
[BlackFideId "13216112"]
[EventDate "2025.12.28"]

1. Nf3 d5 2. c4 c6 3. e3 e6 4. Nc3 Nf6 5. b3 Nbd7 6. Bb2 Bd6 7. Be2 O-O 8. d4 a6
9. O-O b5 10. Rc1 b4 11. Na4 Ne4 12. Ne5 Qc7 13. cxd5 Nxe5 14. dxe5 Bxe5 15.
Bxe5 Qxe5 16. dxc6 Nc3 17. Nxc3 bxc3 18. Qd3 a5 19. Qxc3 Qxc3 20. Rxc3 Ba6 21.
Bxa6 Rxa6 22. Rd1 Rc8 23. c7 Raa8 24. Rcd3 Kf8 25. Rd8+ Ke7 26. R1d7+ Kf6 27. g3
g6 28. Kg2 Rxc7 29. Rxf7+ Rxf7 30. Rxa8 Ke5 31. Rxa5+ Ke4 32. Ra6 Rf6 33. Rd6
Kf5 34. Rd2 Rf7 35. b4 Rb7 36. Rb2 Ke5 37. b5 Kd5 38. a4 Kc5 39. b6 Rxb6 40.
Rxb6 Kxb6 41. Kf3 Ka5 42. Ke4 Kxa4 43. Ke5 1-0

[Event "Hastings Masters 2025-26"]
[Site "Hastings ENG"]
[Date "2026.01.02"]
[Round "9.23"]
[White "Ward, Cian"]
[Black "Finn, Peter"]
[Result "1/2-1/2"]
[BlackTitle "CM"]
[WhiteElo "1947"]
[BlackElo "2200"]
[WhiteFideId "475599"]
[BlackFideId "432156"]
[EventDate "2025.12.28"]

1. e4 e6 2. d4 d5 3. Nd2 h6 4. Ngf3 Nf6 5. Bd3 c5 6. exd5 exd5 7. dxc5 Bxc5 8.
O-O O-O 9. Nb3 Bd6 10. h3 Nc6 11. c3 a5 12. a4 Re8 13. Re1 Ne4 14. Nbd4 f5 15.
Bb5 Bc5 16. Be3 Qd6 17. Nb3 Bxe3 18. Rxe3 1/2-1/2

[Event "Hastings Masters 2025-26"]
[Site "Hastings ENG"]
[Date "2026.01.02"]
[Round "9.24"]
[White "Zhang, Junyi"]
[Black "Ortiz Sanchez, Luis"]
[Result "1/2-1/2"]
[WhiteTitle "CM"]
[WhiteElo "2172"]
[BlackElo "2007"]
[WhiteFideId "494437"]
[BlackFideId "24581160"]
[EventDate "2025.12.28"]

1. e4 c5 2. Nf3 Nc6 3. d4 cxd4 4. Nxd4 e5 5. Nb5 d6 6. c4 g6 7. N1c3 a6 8. Na3
Bg7 9. Be3 Be6 10. Qd2 Nf6 11. f3 Rc8 12. Rc1 Nh5 13. Nd5 O-O 14. Bd3 Bxd5 15.
cxd5 Ne7 16. Rxc8 Nxc8 17. O-O Nf4 18. Rc1 Bh6 19. Bf1 Bg7 20. Nc4 f5 21. exf5
gxf5 22. Na5 Qd7 23. Qb4 b5 24. Qb3 Qf7 25. a4 Qxd5 26. axb5 axb5 27. Qxb5 Kh8
28. Qxd5 Nxd5 29. Bf2 e4 30. Rd1 e3 31. Rxd5 exf2+ 32. Kxf2 Bxb2 33. Nc4 Bc3 34.
Nxd6 Nxd6 35. Rxd6 Be5 36. Rd5 Bxh2 37. Bd3 f4 38. Rd7 Bg3+ 39. Ke2 Rb8 40.
Rxh7+ Kg8 41. Rc7 Rb2+ 42. Bc2 Ra2 43. Kd3 Ra1 44. Bb3+ Kf8 45. Be6 Rg1 46. Bh3
Re1 47. Kd4 Re7 48. Rc6 Kf7 49. Rc2 Kf6 50. Kd5 Re5+ 51. Kd6 Re3 52. Rd2 Be1 53.
Rd4 Bg3 54. Rd5 Re1 55. Rf5+ Kg6 56. Rd5 Kf6 57. Kd7 Re2 58. Rd6+ Kf7 59. Re6
Rxe6 60. Bxe6+ Kf6 61. Kd6 Bh2 1/2-1/2

[Event "Hastings Masters 2025-26"]
[Site "Hastings ENG"]
[Date "2026.01.02"]
[Round "9.25"]
[White "Ashton, Alannah"]
[Black "Janse, Jan Jaap"]
[Result "1-0"]
[WhiteTitle "WCM"]
[WhiteElo "1983"]
[BlackElo "2170"]
[WhiteFideId "480681"]
[BlackFideId "1010344"]
[EventDate "2025.12.28"]

1. e4 d5 2. exd5 Qxd5 3. Nc3 Qd6 4. d4 a6 5. Nf3 Bg4 6. h3 Bh5 7. g3 Nf6 8. Bg2
Bg6 9. Ne5 Nc6 10. Bf4 Nxe5 11. dxe5 Qxd1+ 12. Rxd1 Nd7 13. e6 Nc5 14. Be3 Bxc2
15. Rd2 Nd3+ 16. Kf1 O-O-O 17. Rxc2 fxe6 18. Rd2 c5 19. Be4 1-0

[Event "Hastings Masters 2025-26"]
[Site "Hastings ENG"]
[Date "2026.01.02"]
[Round "9.26"]
[White "Burrows, Martin P"]
[Black "Turner, Lewis A"]
[Result "1/2-1/2"]
[WhiteElo "2117"]
[BlackElo "1945"]
[WhiteFideId "409057"]
[BlackFideId "412600"]
[EventDate "2025.12.28"]

1. e4 c5 2. Nf3 g6 3. d4 cxd4 4. Qxd4 Nf6 5. e5 Nc6 6. Qa4 Nd5 7. Qe4 Nb6 8. Bb5
Bg7 9. Nc3 O-O 10. Bg5 d5 11. Qh4 Qc7 12. O-O-O Bf5 13. Bxc6 bxc6 14. Bxe7 Nc4
15. Bxf8 Bxf8 16. Nd4 Qb6 17. Nb3 a5 18. Qd4 Qb4 19. a3 Bh6+ 20. f4 Nxa3 21.
bxa3 Qxa3+ 22. Kd2 Qb2 23. Na1 c5 24. Qf2 d4 25. Nd5 Kg7 26. Rb1 Qa2 27. Nf6 d3
28. Rhf1 dxc2 29. Rbc1 Rd8+ 30. Ke1 Qb1 31. Qe3 Rd1+ 32. Kf2 Qxc1 33. Qxc1 Rxc1
34. Rxc1 Bxf4 35. Rxc2 Bxc2 36. Nxc2 Bc1 37. Nd7 a4 38. Nxc5 a3 1/2-1/2

[Event "Hastings Masters 2025-26"]
[Site "Hastings ENG"]
[Date "2026.01.02"]
[Round "9.27"]
[White "Brown, Thomas"]
[Black "Pai, Sidhanth"]
[Result "1/2-1/2"]
[WhiteElo "2082"]
[BlackElo "1842"]
[WhiteFideId "1801430"]
[BlackFideId "343111937"]
[EventDate "2025.12.28"]

1. d4 Nf6 2. c4 e6 3. Nc3 Bb4 4. f3 d5 5. a3 Bxc3+ 6. bxc3 c5 7. cxd5 exd5 8. e3
c4 9. Ne2 h5 10. Qc2 Qe7 11. a4 Nc6 12. Kf2 Na5 13. Ba3 Qd7 14. h4 Nb3 15. Ra2
Kd8 16. Ng3 Re8 17. e4 dxe4 18. Bxc4 e3+ 19. Kg1 Qc7 20. Qxb3 Qxg3 21. Re2 Bf5
22. Bc1 Qf4 23. Qxb7 Rb8 24. Qxa7 Rb1 25. Qa5+ Ke7 26. Re1 Kf8 1/2-1/2